|
|
|
|
| LEADER |
00000nam a2200000 a 4500 |
| 001 |
UCJ7208 |
| 003 |
CL-VaPUC |
| 008 |
070124e19400822CL |||||||||||||||||spa|d |
| 082 |
0 |
4 |
|a 017
|b LAT
|2 21
|
| 100 |
|
|
|a Latcham, Ricardo Antonio
|e author
|9 420817
|
| 245 |
1 |
0 |
|a Boletín catálogo de los libros de autores nacionales
|
| 250 |
|
|
|a 1a. ed
|
| 300 |
|
|
|a 152 p
|
| 942 |
|
|
|c BK
|
| 945 |
|
|
|d 20070124 00:00:00
|a rinostro
|
| 260 |
|
|
|a Santiago
|b Universo
|c 1940
|
| 600 |
0 |
7 |
|a EDITORIAL ZIG ZAG
|2 CL-VaPUC
|9 515339
|
| 600 |
0 |
7 |
|a EDITORIAL ZAMORANO Y CAPERAN
|2 CL-VaPUC
|9 515340
|
| 600 |
0 |
7 |
|a EDITORIAL DIFUSION
|2 CL-VaPUC
|9 515341
|
| 600 |
0 |
7 |
|a EDITORIAL ERCILLA
|2 CL-VaPUC
|9 515342
|
| 600 |
0 |
7 |
|a EDITORIAL CRUZ DEL SUR
|2 CL-VaPUC
|9 515343
|
| 600 |
0 |
7 |
|a EDITORIAL NASCIMENTO
|2 CL-VaPUC
|9 515344
|
| 600 |
0 |
7 |
|a EDITORIAL DEL PACIFICO
|2 CL-VaPUC
|9 515345
|
| 650 |
|
0 |
|a Editoriales
|9 387409
|
| 650 |
|
0 |
|a Bibliografías
|9 257071
|
| 650 |
|
0 |
|a Catálogos
|9 256258
|
| 650 |
|
0 |
|a Biografías
|9 255210
|
| 650 |
|
7 |
|a DIRECTORIOS
|2 CL-VaPUC
|9 257460
|
| 583 |
|
|
|a last modification
|c 20070124 00:00:00
|k Rodrigo Vera
|
| 999 |
|
|
|c 323304
|d 323302
|
| 952 |
|
|
|0 0
|1 0
|4 0
|6 017_000000000000000_LAT_1940
|7 0
|8 X
|9 402803
|a FDOBUD
|b FDOBUD
|d 2019-11-22
|i 1059920
|o 017 LAT 1940
|p 1059920
|r 2019-11-22
|w 2019-11-22
|y BK_X
|k BUD
|